Hacia una filosofía de sistemas / (Record no. 89854)
[ view plain ]
| 000 -LEADER | |
|---|---|
| campo de control de longitud fija | 00676nam a2200217 i 4500 |
| 001 - NÚMERO DE CONTROL | |
| campo de control | 89854 |
| 003 - IDENTIFICADOR DE NÚMERO DE CONTROL | |
| campo de control | ES-MaACL |
| 005 - FECHA Y HORA DE LA ÚLTIMA TRANSACCIÓN | |
| campo de control | 20230906180304.0 |
| 007 - CAMPO FIJO DE DESCRIPCIÓN FÍSICA--INFORMACIÓN GENERAL | |
| campo de control de longitud fija | t| |
| 008 - DATOS DE LONGITUD FIJA--INFORMACIÓN GENERAL | |
| campo de control de longitud fija | 050114s1981 sp ||||1| spa d |
| 100 1# - ENTRADA PRINCIPAL--NOMBRE DE PERSONA | |
| Nombre de persona | Laszlo, Ervin. |
| 9 (RLIN) | 70508 |
| 245 10 - MENCIÓN DEL TÍTULO | |
| Título | Hacia una filosofía de sistemas / |
| Mención de responsabilidad, etc. | Ervin Laszlo, Ludwig von Bertalanffy ; traducción de Juan Alvarez. |
| 260 ## - PUBLICACIÓN, DISTRIBUCIÓN, ETC. | |
| Lugar de publicación, distribución, etc. | [Valencia] : |
| Nombre del editor, distribuidor, etc. | Revista Teorema, |
| Fecha de publicación, distribución, etc. | 1981. |
| 300 ## - DESCRIPCIÓN FÍSICA | |
| Extensión | 64 p. ; |
| Dimensiones | 19 cm. |
| 490 1# - MENCIÓN DE SERIE | |
| Mención de serie | Cuadernos Teorema |
| 700 1# - ENTRADA AGREGADA--NOMBRE PERSONAL | |
| Nombre de persona | Bertalanffy, Ludwig von. |
| 9 (RLIN) | 28419 |
| 700 1# - ENTRADA AGREGADA--NOMBRE PERSONAL | |
| Nombre de persona | Alvarez, Juan. |
| 9 (RLIN) | 20653 |
| 830 0# - PUNTO DE ACCESO ADICIONAL DE SERIE-TÍTULO UNIFORME | |
| Título uniforme | Cuadernos Teorema |
| 9 (RLIN) | 180999 |
| 852 ## - LOCALIZACIÓN | |
| Ubicación | ES-MaACL |
| Número de control de estantería | L-1153 |
| Sublocalización o colección | R.102090 |
| Estatus retirado | Estado de pérdida | Estado de daño | No para préstamo | Biblioteca de origen | Biblioteca actual | Ubicación en estantería | Fecha de adquisición | Fuente de adquisición | Total de préstamos | Signatura topográfica completa | Código de barras | Visto por última vez | Precio de reemplazo | Tipo de ítem Koha |
|---|---|---|---|---|---|---|---|---|---|---|---|---|---|---|
| Biblioteca del Ateneo de Madrid | Biblioteca del Ateneo de Madrid | Depósito 2 | 17/01/2008 | L-1153 | 1093837 | 23/02/2023 | 23/02/2023 | Libro impreso |
